[Event "FIDE Chesscom Grand Swiss 2019"]
[Site "Douglas-Isle of Man"]
[Date "2019.10.18"]
[Round "8.1"]
[White "Caruana, Fabiano"]
[Black "Aronian, Levon"]
[Result "1/2-1/2"]
[WhiteElo "2812"]
[BlackElo "2758"]
[Annotator "TA"]
[PlyCount "75"]
[EventDate "2019.10.10"]
[EventType "swiss"]
[EventCountry "GBR"]
[SourceTitle "playchess.com"]
[Source "ChessBase"]
[SourceQuality "1"]

{[%evp 19,75,0,10,12,7,0,0,0,0,0,0,-21,6,11,7,0,46,41,57,50,52,0,42,11,24,29,36,30,25,27,28,42,43,47,44,0,0,0,0,11,8,0,6,0,8,0,0,8,8,0,6,9,10,15,10,0,3,0]} 1. c4 Nf6 2. Nc3 e5 3. Nf3 Nc6 4. g3 d5 5. cxd5 Nxd5 6. Bg2 Nb6 7. O-O Be7 8. b3 O-O 9. Bb2 Re8 10. Rc1 Bf8 11. Ne4 {A29: English Opening: Four Knights Variation with 4 g3} (11. d3 Nd4 12. e3 Nxf3+ 13. Qxf3 c6 14. Rfd1 Qg5 15. h4 Qg4 16. Ne4 Qxf3 17. Bxf3 a5 18. Nc5 a4 {0-1 (79) Dubov,D (2690)-Nakamura,H (2761) Moscow 2019}) 11... f6 12. d4 f5 $146 ({Predecessor:} 12... exd4 13. Nxd4 Nxd4 14. Qxd4 Qxd4 15. Bxd4 c6 16. e3 Ba3 17. Ra1 Nd5 18. Bc5 Bxc5 19. Nxc5 {0-1 (49) Pruess,D (2424)-Atalik,S (2564) San Fransisco 2007}) 13. Nc5 {[%cal Rd4e5]} e4 $1 {[%cal Re4f3]} 14. Ne5 Nxe5 15. dxe5 Qxd1 16. Rfxd1 c6 17. g4 g6 18. gxf5 gxf5 19. f3 $1 Bh6 20. Rc2 ({White should play} 20. fxe4 $14 Bxc1 21. Rxc1 (21. Bxc1 Rxe5 22. Be3 fxe4 $11)) 20... e3 21. e6 {next Bh3 is good for White.} Bxe6 22. Nxb7 {Bh3 is the strong threat.} Nd5 23. Rxc6 Rac8 24. Rdc1 ({Reject} 24. Rxe6 Rxe6 25. Rxd5 Rc2 $17) 24... Rxc6 25. Rxc6 Nf4 26. Bf1 Bf8 {White should prevent ...Bd5.} 27. Nc5 Bd5 $1 {[%cal Rd5c6] The position is equal.} 28. Rc7 Bxc5 $1 29. Rxc5 {And now Bd4 would win.} Bxf3 $1 30. exf3 e2 31. Bc3 {Hoping for Bg2.} Re3 $1 {[%cal Re3c3] [#] aiming for ...Rxc3.} 32. Ba5 (32. Bb4 {is interesting.} exf1=Q+ 33. Kxf1 Rxf3+ 34. Kg1 Nd3 35. Rc4) 32... exf1=Q+ 33. Kxf1 Rxf3+ $11 {KRB-KRN} 34. Kg1 h5 35. h4 Rh3 36. Rxf5 Rxh4 37. Kf2 {[#] Strongly threatening Rg5+.} Ne6 38. Bc3 {Accuracy: White = 41%, Black = 66%.} 1/2-1/2

[Event "FIDE Chesscom Grand Swiss 2019"]
[Site "Douglas-Isle of Man"]
[Date "2019.10.18"]
[Round "8.1"]
[White "Amin, Bassem"]
[Black "Vocaturo, Daniele"]
[Result "1/2-1/2"]
[WhiteElo "2699"]
[BlackElo "2620"]
[Annotator "TA"]
[PlyCount "109"]
[EventDate "2019.10.10"]
[EventType "swiss"]
[EventCountry "GBR"]
[SourceTitle "playchess.com"]
[Source "ChessBase"]
[SourceQuality "1"]

{[%evp 13,109,-13,0,-4,0,0,0,0,0,0,0,0,3,15,25,25,18,13,41,14,41,20,39,20,29,20,48,44,52,40,52,52,65,39,65,62,59,48,56,43,47,33,41,30,39,30,39,30,34,32,51,28,25,27,30,28,29,30,29,27,29,9,28,29,27,15,14,0,24,25,34,40,34,16,24,24,24,10,24,24,24,0,0,0,25,25,25,25,25,24,25,25,88,88,88,88,88,88]} 1. e4 e6 2. Qe2 c5 3. Nf3 Nc6 4. g3 g6 5. Bg2 Bg7 6. O-O Nge7 7. c3 O-O 8. Na3 {C00: French: Unusual White 2nd moves} d5 (8... d6 9. Nc2 e5 10. b4 h6 11. b5 Na5 12. d4 exd4 13. cxd4 Be6 14. Rd1 Bc4 15. Qe1 Bxb5 16. dxc5 {0-1 (50) Adhiban,B (2672)-Sadorra,J (2575) Chengdu 2017}) 9. e5 f6 {[%cal Rf6e5]} 10. d4 $146 {The position is equal.} ({Predecessor:} 10. exf6 Bxf6 11. d3 e5 12. Be3 {½-½ (37) Betker,J-Hampel,J Germany 1995}) 10... cxd4 11. cxd4 Nf5 12. Nc2 Qb6 {[%cal Rc6d4]} 13. Rd1 Bd7 14. g4 Nfe7 15. exf6 Bxf6 (15... Rxf6 {is more complex.} 16. Be3 Rf7 17. Nce1 Raf8 18. Rac1 h6) 16. Be3 Bg7 17. Qd2 Rac8 18. b3 Qc7 {With the idea ...e5.} 19. h3 Nd8 20. Nce1 Nf7 21. Nd3 Nc6 22. Rac1 b6 23. Rc2 Qb7 24. Rdc1 Ne7 25. Bf1 Rxc2 26. Rxc2 Rc8 27. Nde5 Nxe5 28. Nxe5 Rxc2 29. Qxc2 Be8 30. f4 Nc6 31. Nf3 Qe7 32. Bb5 Nxd4 33. Nxd4 Bxd4 34. Bxd4 Bxb5 35. Qc8+ Be8 36. Qb8 e5 37. Bxe5 Kf7 38. Kg2 Qd7 39. Kf2 d4 40. Ke1 h5 41. Kd2 hxg4 42. hxg4 Ke6 43. a4 Kd5 44. Bxd4 Ke4 45. Qe5+ Kf3 46. g5 Bf7 47. Qe3+ Kg4 48. Kc3 Qe6 (48... Qc7+ {looks sharper.} 49. Kb2 Qxf4 50. Qd3 Qxg5 51. Qe2+ Kf5) 49. Qxe6+ Bxe6 $11 {[%mdl 4096] Endgame KB-KB} 50. Be5 a6 51. Kb4 Bd7 52. Bc7 b5 {[#]} (52... Be6 $11) 53. a5 $1 $16 {White is better.} Kf5 54. Kc5 {b4 is the strong threat.} b4 55. Kxb4 {Accuracy: White = 64%, Black = 56%.} 1/2-1/2

[Event "FIDE Chesscom Grand Swiss 2019"]
[Site "Douglas-Isle of Man"]
[Date "2019.10.18"]
[Round "8.2"]
[White "Wang, Hao"]
[Black "Carlsen, Magnus"]
[Result "1/2-1/2"]
[WhiteElo "2726"]
[BlackElo "2876"]
[Annotator "TA"]
[PlyCount "61"]
[EventDate "2019.10.10"]
[EventType "swiss"]
[EventCountry "GBR"]
[SourceTitle "playchess.com"]
[Source "ChessBase"]
[SourceQuality "1"]

{[%evp 9,61,12,34,48,29,7,13,12,12,12,8,10,15,14,15,17,17,17,20,15,16,13,16,15,18,18,18,17,13,8,4,4,12,6,7,0,0,0,0,-13,-13,-34,-35,-35,-35,-35,-35,-35,-35,-35,-35,-35,-35,-37]} 1. d4 d5 2. c4 e6 3. Nf3 Nf6 4. Nc3 Bb4 5. Qb3 a5 6. Bg5 {D38: Queen's Gambit Declined: Ragozin Defence (4 Nf3 Bb4)} c5 7. dxc5 Na6 {[%cal Bb8a6,Ba6c5,Bc5e4][%mdl 32]} 8. a3 $146 {The position is equal.} ({Predecessor:} 8. O-O-O Nxc5 9. Qc2 Bxc3 10. Qxc3 Nce4 11. Bxf6 Qxf6 12. Qxf6 gxf6 13. Rg1 Nxf2 {0-1 (39) Sebenik,M (2562)-Swiercz,D (2654) chess.com INT 2018}) 8... Nxc5 9. Qc2 Bxc3+ $1 10. Qxc3 Nce4 11. Bxf6 Qxf6 12. Qxf6 Nxf6 13. cxd5 Nxd5 14. e4 Nf6 15. Bd3 Bd7 16. Ne5 Ke7 17. Rc1 Rhc8 18. Kd2 Be8 19. f4 Nd7 20. Nxd7 Bxd7 21. Rxc8 Rxc8 22. Rc1 Rxc1 23. Kxc1 $11 {[%mdl 4096] Endgame KB-KB} e5 24. fxe5 Ke6 25. Kd2 Kxe5 {Black is slightly better.} 26. Ke3 Bc6 27. g3 f6 28. Bc2 b6 29. Bd3 h6 30. Bc2 Bb7 31. Bd3 {Accuracy: White = 62%, Black = 84%.} 1/2-1/2

[Event "FIDE Chesscom Grand Swiss 2019"]
[Site "Douglas-Isle of Man"]
[Date "2019.10.18"]
[Round "8.2"]
[White "L'Ami, Erwin"]
[Black "Vallejo Pons, Francisco"]
[Result "0-1"]
[WhiteElo "2619"]
[BlackElo "2694"]
[Annotator "TA"]
[PlyCount "112"]
[EventDate "2019.10.10"]
[EventType "swiss"]
[EventCountry "GBR"]
[SourceTitle "playchess.com"]
[Source "ChessBase"]
[SourceQuality "1"]

{[%evp 9,112,16,17,12,31,12,19,0,11,0,0,0,21,16,12,0,11,0,0,0,0,-9,28,0,21,29,17,12,4,0,8,-39,-31,-39,-39,-33,-38,-35,-34,-37,-37,-34,-38,-44,-49,-68,-65,-68,-69,-69,-59,-66,-64,-95,-72,-72,-38,-60,-67,-45,-50,-60,-52,-71,-61,-60,-42,-73,-79,-61,0,-149,-156,-268,-268,-277,-260,-286,-289,-314,-281,-570,-569,-520,-501,-525,-343,-363,-359,-1021,-1022,-1024,-1016,-984,-961,-5185,-4539,-29960,-29961,-29961,-29962,-29962,-29961,-11071,-4614]} 1. d4 e6 2. c4 d5 3. Nc3 a6 4. cxd5 exd5 5. Bf4 (5. Nf3 h6 6. Bf4 Nf6 7. e3 Bd6 8. Bxd6 Qxd6 9. Qc2 O-O 10. Bd3 Re8 11. h3 Be6 12. O-O Nbd7 13. a4 {½-½ (40) Shankland,S (2725)-Carlsen,M (2835) Wijk aan Zee 2019}) 5... Nf6 6. e3 {D31: Queen's Gambit Declined: Semi-Slav without ...Nf6 (+ Marshall Gambit and Noteboom) and Exchange Variation lines without ...Nf6} c5 7. Nf3 c4 8. Be2 {The position is equal.} b5 9. O-O $146 ({Predecessor:} 9. a3 Qa5 10. O-O Be7 11. Ne5 O-O 12. f3 Bb7 13. Qc2 Nh5 14. Bg3 Nxg3 15. hxg3 Qb6 16. Kf2 g6 17. Rh1 Bd6 18. Ng4 Kg7 19. f4 h5 {½-½ (19) Mijajlovic,U-Petrovic,Z (2122) Belgrade 2006}) 9... Bb7 10. Ne5 Be7 11. Bf3 O-O 12. Qc2 Nbd7 13. Rfd1 Rc8 14. a3 Nb6 15. Qf5 Na8 16. Bg5 {And now Bxf6 would win.} g6 17. Qh3 Nc7 18. Bxf6 (18. Bh6 {with more complications.} Re8 19. Be2 a5 20. Bf3 Bd6 21. Bg5) 18... Bxf6 19. Nd7 Re8 20. Nc5 Bc6 21. Bg4 Ra8 22. Bd7 Bxd7 23. Qxd7 Qxd7 24. Nxd7 Be7 25. Nc5 a5 26. b4 Ra7 27. Rab1 axb4 28. axb4 Ra3 29. Rdc1 f5 30. g3 Kf7 31. h4 Rea8 32. Kf1 Ke8 (32... Bf8 {feels hotter.} 33. Ke2 Ke7 34. Kd2 Kd6 35. Rh1 Kc6) 33. Ke2 Bxc5 34. dxc5 Kd7 35. Kd2 Kc6 36. Kc2 $1 {[#]} d4 $1 $36 {[%cal Rd4c3][%mdl 2560] Black has some pressure.} 37. exd4 Nd5 38. Kd2 Nxc3 39. Rxc3 $17 {[%mdl 4096] Endgame KRR-KRR} Kd5 ({Better is} 39... R3a4 $15) 40. Rd1 {[#]} (40. Rxa3 $11 Rxa3 41. Re1) 40... Ra2+ $1 {[%mdl 1024] Black has strong compensation.} ({And not} 40... Kxd4 41. Kc2+ Ke5 42. Rxa3 $14) 41. Rc2 {[#]} (41. Ke1 $17 Re8+ 42. Re3 Rxe3+ 43. fxe3) 41... R2a4 $1 $19 ({Worse is} 41... Kxd4 42. Kc1+ Ke4 43. Rxa2 $14) (41... Rxc2+ 42. Kxc2 Ra2+ 43. Kc3 $11) 42. Rb2 Ra3 {Hoping for ...c3+.} ({Not} 42... Kxd4 43. Kc2+ Ke4 44. h5 $15) 43. Ke1 {intending Re2.} Re8+ 44. Re2 Re4 45. Rxe4 $2 (45. h5 {was worth a try.}) 45... fxe4 {KR-KR} 46. Ke2 c3 47. f3 exf3+ 48. Kd3 f2 49. Rf1 $2 {[#]} (49. g4) 49... c2+ $1 {[%mdl 512]} 50. Kd2 (50. Kxc2 Kxd4) 50... Ra6 51. Kd3 h6 52. Kd2 g5 53. hxg5 hxg5 (53... Ra2 $2 54. Kc3 $19) 54. Kc3 Ke4 55. g4 Ra8 56. c6 {[#]} Rc8 $1 {[%mdl 512] Accuracy: White = 40%, Black = 81%.} 0-1

[Event "FIDE Chesscom Grand Swiss 2019"]
[Site "Douglas-Isle of Man"]
[Date "2019.10.18"]
[Round "8.3"]
[White "Inarkiev, Ernesto"]
[Black "Akobian, Varuzhan"]
[Result "1-0"]
[WhiteElo "2693"]
[BlackElo "2625"]
[Annotator "TA"]
[PlyCount "85"]
[EventDate "2019.10.10"]
[EventType "swiss"]
[EventCountry "GBR"]
[SourceTitle "playchess.com"]
[Source "ChessBase"]
[SourceQuality "1"]

{[%evp 15,85,24,27,27,31,32,37,43,44,26,37,34,39,49,37,13,18,0,42,47,39,13,35,41,81,15,25,25,19,0,0,0,0,0,0,0,0,0,0,-57,-52,-67,0,0,42,44,72,68,103,90,128,76,97,0,96,109,227,227,219,219,314,312,286,298,336,348,334,339,1290,1268,29988,29989]} 1. e4 e6 2. d4 d5 3. Nc3 Nf6 4. Bg5 dxe4 5. Nxe4 Nbd7 6. Nf3 h6 7. Bxf6 Nxf6 8. Bd3 c5 9. Nxf6+ {C13: French: Classical System: 4 Bg5 Be7, Alekhine-Chatard Attack} (9. Qe2 cxd4 10. Bb5+ Nd7 11. O-O-O a6 12. Nxd4 Be7 13. Qg4 axb5 14. Nxe6 fxe6 15. Qxg7 Rf8 16. Qg6+ Rf7 17. Qg8+ Rf8 18. Qg6+ Rf7 19. Qg8+ {½-½ (19) Shimanov,A (2636)-Mamedov,R (2660) Nakhchivan 2014}) 9... gxf6 10. Qe2 Qa5+ 11. c3 {White is slightly better.} Bd7 12. d5 O-O-O 13. dxe6 $1 fxe6 {[#]} 14. O-O $146 ({Predecessor:} 14. Bc4 e5 15. O-O-O h5 16. Qe4 Qa4 {1-0 (49) Muzychuk,A (2534)-Sedina,E (2305) Reykjavik 2015}) 14... Bd6 15. Rfe1 Kb8 16. Bc4 Rhe8 17. Rad1 Bc8 18. Nh4 Qc7 19. g3 Qg7 20. Qf3 (20. Rxd6 $16 Rxd6 21. Nf5 $1 {[%mdl 576] Double Attack, Pin}) 20... Qg5 $11 21. Nf5 Be5 22. Ne3 Rxd1 23. Qxd1 f5 24. Qa4 Rg8 25. Qc2 f4 {[%cal Rf4g3]} 26. Ng2 $1 Qf6 27. Re4 ({White should try} 27. Qe4 $11 Bc7 28. gxf4) 27... Bc7 $1 $15 28. Qc1 {[%cal Rg2f4]} fxg3 (28... b5 $15 29. Bxb5 Bb7) 29. hxg3 $11 Rg5 30. Qd1 e5 31. Ne3 b6 32. Bd5 h5 33. Qa4 ({White should play} 33. Rh4) 33... Rg7 34. Kg2 (34. Rh4 $16) 34... Bd8 {[#]} (34... Bd7 $11 35. Qa6 Bc8) 35. Qe8 $1 $16 h4 {[#]} (35... Rh7 $16 {was worth a try.}) 36. Rxh4 $1 $18 {[%mdl 512]} Bd7 (36... Qxh4 37. Qxe5+) 37. Qh8 e4 (37... Qxh4 $142 38. Qxg7 {[%mdl 64] Double Attack} Qe7) 38. Rh6 Qe7 {[#]} 39. a4 $1 {[%mdl 512]} Kc7 {[#]} (39... Bxa4 40. Nf5) 40. a5 $1 {[%mdl 512]} bxa5 41. Bc4 {Threatening mate with Nd5+.} Bc6 $2 {[#]} (41... Kb8 42. Nd5 Qg5) 42. Nf5 $1 {[%mdl 576] Double Attack} e3+ {[#]} 43. Rxc6+ $1 {[%mdl 512] Accuracy: White = 65%, Black = 43%.} 1-0

[Event "FIDE Chesscom Grand Swiss 2019"]
[Site "Douglas-Isle of Man"]
[Date "2019.10.18"]
[Round "8.3"]
[White "Anton Guijarro, David"]
[Black "Grischuk, Alexander"]
[Result "1-0"]
[WhiteElo "2674"]
[BlackElo "2759"]
[Annotator "TA"]
[PlyCount "47"]
[EventDate "2019.10.10"]
[EventType "swiss"]
[EventCountry "GBR"]
[SourceTitle "playchess.com"]
[Source "ChessBase"]
[SourceQuality "1"]

{[%evp 9,47,0,0,0,14,0,0,0,6,0,0,14,18,0,44,58,45,37,36,47,52,28,54,31,466,277,486,477,841,838,1416,1408,2194,2336,29988,29989,29987,5406,29985,29985]} 1. c4 e5 2. g3 Nf6 3. Bg2 Bc5 4. Nc3 c6 5. Nf3 e4 6. Nh4 {A23: English Opening: 1...e5 2 Nc3 Nf6 3 g3 c6} d5 7. cxd5 cxd5 8. d3 {[%cal Rd3e4] The position is equal.} Ng4 9. O-O g5 10. d4 $146 ({Predecessor:} 10. dxe4 gxh4 11. exd5 hxg3 12. hxg3 {0-1 (38) Khismatullin,D (2617)-Paravyan,D (2528) St Petersburg 2016}) 10... Be7 11. h3 Nxf2 12. Rxf2 {Strongly threatening Nf5.} (12. Kxf2 gxh4 13. Qb3 hxg3+ 14. Kg1 Nc6 $11) 12... gxh4 13. Qb3 $1 $36 {[%mdl 2048] And now g4 would win. White has the initiative.} hxg3 14. Rf4 Nc6 {...Be6 is the strong threat.} 15. Qxd5 f5 16. Bxe4 $1 fxe4 $2 {[%mdl 8192] [#]} (16... Qxd5 $14 17. Bxd5 Bd7) 17. Qh5+ $1 $18 ({And not} 17. Qf7+ Kd7 $11) 17... Kd7 18. Be3 ({Less strong is} 18. Rxe4 Qf8 $16) 18... Qg8 ({Don't play} 18... Kc7 19. Nd5+ Kb8 20. Nxe7) (18... Rf8 $142 19. d5 Nd4) 19. d5 Nd8 20. Nxe4 Qg6 21. Qe5 Nf7 {[#]} 22. Rxf7 $1 {[%mdl 512]} Qxf7 23. Rc1 (23. d6 $142 Ke8 24. dxe7 Qg6 25. Qxh8+ Kxe7 26. Rf1 Bf5 {[#]} 27. Qe5+ $1 {[%mdl 576] Double Attack} Qe6 28. Bg5+ Ke8 29. Qg7) 23... Rf8 24. Bg5 {Accuracy: White = 93%, Black = 41%.} 1-0

[Event "FIDE Chesscom Grand Swiss 2019"]
[Site "Douglas-Isle of Man"]
[Date "2019.10.18"]
[Round "8.4"]
[White "Maghsoodloo, Parham"]
[Black "Vitiugov, Nikita"]
[Result "1/2-1/2"]
[WhiteElo "2664"]
[BlackElo "2732"]
[Annotator "TA"]
[PlyCount "45"]
[EventDate "2019.10.10"]
[EventType "swiss"]
[EventCountry "GBR"]
[SourceTitle "playchess.com"]
[Source "ChessBase"]
[SourceQuality "1"]

{[%evp 9,45,-2,2,-1,-2,-4,15,0,10,-27,5,-9,-11,-14,-12,-14,-3,-37,-18,-20,-22,-25,-17,-45,-27,-25,-32,-37,-11,-14,-28,-32,0,0,0,-10,0,-17]} 1. c4 e5 2. d3 Nf6 3. Nf3 Nc6 4. a3 d5 5. cxd5 Nxd5 6. e4 {A20: English Opening: 1...e5} Nf6 7. Be2 a5 8. Qc2 $146 ({Predecessor:} 8. O-O Bc5 9. Be3 Bb6 10. Nbd2 Bxe3 11. fxe3 {½-½ (56) Topalov,V (2740)-Nakamura,H (2761) Abidjan 2019}) 8... Be7 9. Nbd2 Be6 10. b3 Nd7 11. Bb2 Bc5 12. O-O O-O 13. Rfc1 Bg4 14. h3 Bxf3 15. Nxf3 Re8 16. g3 Qe7 17. Kg2 Bb6 18. Bc3 Nc5 19. Rab1 Na6 20. Qb2 {Black should prevent b4.} Nc5 (20... Bc5 $5 {[%cal Rc5a3]} 21. Ra1 f6 $11) 21. Qc2 {The position is equal.} Na6 22. Qb2 {next b4 is good for White.} Nc5 23. Qc2 {Accuracy: White = 59%, Black = 35%.} 1/2-1/2

[Event "FIDE Chesscom Grand Swiss 2019"]
[Site "Douglas-Isle of Man"]
[Date "2019.10.18"]
[Round "8.4"]
[White "Yilmaz, Mustafa"]
[Black "Kamsky, Gata"]
[Result "1/2-1/2"]
[WhiteElo "2595"]
[BlackElo "2685"]
[Annotator "TA"]
[PlyCount "60"]
[EventDate "2019.10.10"]
[EventType "swiss"]
[EventCountry "GBR"]
[SourceTitle "playchess.com"]
[Source "ChessBase"]
[SourceQuality "1"]

{[%evp 20,60,40,41,20,31,73,64,54,0,28,50,46,39,47,0,0,0,21,25,43,69,45,15,15,9,9,0,0,0,0,0,0,0,0,0,0,0,0,0,0,0,0]} 1. d4 d5 2. c4 c6 3. Nc3 Nf6 4. Nf3 a6 5. e3 g6 6. Be2 Bg7 7. O-O O-O 8. a4 dxc4 9. Bxc4 Bg4 10. h3 Bxf3 11. Qxf3 Nbd7 {D94: Grünfeld: 4 Nf3 Bg7 5 e3} 12. Rd1 b5 13. Bf1 b4 $146 {White is slightly better.} ({Predecessor:} 13... Rc8 14. e4 b4 15. Nb1 a5 16. Nd2 e5 17. Nb3 exd4 18. Nxd4 Qe7 19. Ba6 {½-½ (50) Kazhgaleyev,M (2585)-Mrdja,M (2399) Cannes 2001}) 14. Na2 (14. Ne2 $14) 14... a5 15. Qxc6 e5 16. Bd2 Rc8 17. Qb7 exd4 $1 18. exd4 Nb6 19. Nc1 Rc2 20. Nb3 Nfd5 21. Be1 Rxb2 {The position is equal.} 22. Nxa5 Qa8 $1 {[%cal Ra8a5]} 23. Qxa8 Rxa8 24. Nc4 Nxc4 25. Bxc4 Nc3 26. Rd2 Rxd2 27. Bxd2 Bxd4 {[#] Hoping for ...Ne2+!} 28. Re1 Bf6 ({But not} 28... Rxa4 $6 29. Bh6 $16) 29. Bb3 Kg7 30. Kf1 Nxa4 {Accuracy: White = 72%, Black = 72%.} 1/2-1/2

[Event "FIDE Chesscom Grand Swiss 2019"]
[Site "Douglas-Isle of Man"]
[Date "2019.10.18"]
[Round "8.5"]
[White "So, Wesley"]
[Black "Alekseenko, Kirill"]
[Result "1/2-1/2"]
[WhiteElo "2767"]
[BlackElo "2674"]
[Annotator "TA"]
[PlyCount "89"]
[EventDate "2019.10.10"]
[EventType "swiss"]
[EventCountry "GBR"]
[SourceTitle "playchess.com"]
[Source "ChessBase"]
[SourceQuality "1"]

{[%evp 10,89,14,0,12,7,29,27,20,12,17,6,12,6,37,0,27,12,14,14,31,28,21,17,30,23,31,30,30,23,32,19,30,18,21,20,30,21,41,49,40,45,47,39,57,57,57,57,57,57,57,45,57,35,57,57,57,57,57,57,57,57,57,0,57,57,57,57,57,57,57,57,57,57,57,57,57,0,57,0,57,0]} 1. d4 Nf6 2. c4 e6 3. Nc3 Bb4 4. Qc2 O-O 5. Nf3 d5 6. Bg5 c5 {E32: Nimzo-Indian: Classical (4 Qc2): 4...0-0} (6... h6 7. Bxf6 Qxf6 8. a3 Bxc3+ 9. Qxc3 dxc4 10. Qxc4 Nc6 11. Qc3 Re8 12. Ne5 Rb8 13. g3 Rd8 14. e3 Nxe5 15. dxe5 {0-1 (110) Topalov,V (2740)-Ding,L (2812) Shamkir 2019}) 7. dxc5 dxc4 8. e3 h6 $146 {White has an edge.} ({Predecessor:} 8... Qa5 9. Bxf6 gxf6 10. Bxc4 Nd7 11. c6 Ne5 12. Nxe5 Qxe5 13. O-O bxc6 14. Rfd1 Kh8 {1-0 (53) Chigladze,I (2389)-Sanikidze,T (2461) Tbilisi 2008}) 9. Bh4 Qa5 10. Bxf6 gxf6 11. Bxc4 Qxc5 12. Bb3 Nc6 13. O-O Bxc3 $1 14. Rac1 (14. bxc3 {seems wilder.} b6 15. Rad1 Ne5 16. Qe4 Ba6 17. Rfe1) 14... Bb4 {[#] ...Qxc2 is the strong threat.} 15. Qxc5 Bxc5 16. Rxc5 Bd7 17. Rfc1 Rfc8 18. Ba4 Kf8 19. Kf1 Ke7 20. Ke2 a6 21. a3 b5 22. Bd1 Na5 23. Nd2 Nb7 24. Rxc8 Rxc8 25. Rxc8 Bxc8 $14 {[%mdl 4096] Endgame KBN-KBN} 26. e4 Nd6 27. f4 e5 28. f5 Bb7 29. Bc2 a5 30. Bd3 Bc6 31. Ke3 Kf8 32. Nb3 Nb7 33. Nc1 Nd6 34. Na2 Ke7 35. Nc3 Kf8 36. Na2 Ke7 37. b4 a4 38. Nc3 Kf8 39. Kf2 Kg7 40. Kg3 Kf8 41. Kh4 Kg7 42. Kh5 Kh7 43. Kh4 Kg7 44. Kh5 Kh7 $1 45. Kh4 {Accuracy: White = 71%, Black = 58%.} (45. Kg4 $14) 1/2-1/2

[Event "FIDE Chesscom Grand Swiss 2019"]
[Site "Douglas-Isle of Man"]
[Date "2019.10.18"]
[Round "8.5"]
[White "Paravyan, David"]
[Black "Ponomariov, Ruslan"]
[Result "1-0"]
[WhiteElo "2602"]
[BlackElo "2675"]
[Annotator "TA"]
[PlyCount "97"]
[EventDate "2019.10.10"]
[EventType "swiss"]
[EventCountry "GBR"]
[SourceTitle "playchess.com"]
[Source "ChessBase"]
[SourceQuality "1"]

{[%evp 11,129,2,25,33,34,26,41,29,26,25,26,23,25,25,55,49,56,53,54,35,59,52,44,33,70,75,72,72,192,134,351,326,321,331,411,358,524,527,486,477,670,652,613,614,933,933,915,924,914,913,781,250,299,291,459,460,442,462,407,298,643,351,331,331,551,149,146,142,153,125,182,168,165,148,191,172,235,228,218,130,179,170,372,370,373,346,392,377,361,358,358,346,1164,1125,5314,5057,5445,5430,5404,5385,5385,5385,5273,5265,5214,5214,1420,1287,5214,5213,5206,5156,5189,1229,1227,1156,1156,890,1156,1153]} 1. e4 c5 2. Nf3 d6 3. d4 cxd4 4. Nxd4 Nf6 5. Nc3 a6 6. Bd3 Nc6 (6... e5 {feels hotter.} 7. Nde2 Be6 8. O-O Be7 9. f4 O-O) 7. Nxc6 {B90: Sicilian Najdorf: Unusual White 6th moves, 6 Be3 Ng4 and 6 Be3 e5} bxc6 8. b3 (8. O-O g6 9. Kh1 Bg7 10. f4 O-O 11. f5 Bb7 12. Qe1 Nd7 13. Bg5 Ne5 14. Rd1 a5 15. Be2 a4 16. Qh4 {1-0 (42) Nepomniachtchi,I (2732)-Duda,J (2697) Khanty-Mansiysk 2017}) 8... g6 9. Bb2 {White is slightly better.} Bg7 10. Qd2 $146 ({Predecessor:} 10. O-O O-O 11. Qe2 Qa5 12. Na4 Nh5 13. Bxg7 Nxg7 14. f4 Rb8 {1-0 (52) Shushpanova,N (2071)-Kozlovskaya,V (2193) Rowy 2000}) 10... O-O 11. O-O-O a5 12. Na4 d5 13. e5 Nd7 $1 14. Qe3 Qc7 {[%cal Rg7e5]} 15. f4 c5 $1 16. h4 d4 17. Qf3 Nb6 18. Nxb6 Qxb6 19. h5 ({Of course not} 19. Qxa8 Bb7 $11) 19... Rd8 (19... Ra7 $16 {was called for.}) 20. Rh2 ({Weaker is} 20. Qxa8 Bb7 $11) (20. hxg6 $1 $18 hxg6 21. Rh2 (21. Qxa8 Bb7 $11)) 20... Be6 $2 (20... Bb7 $16 21. Qg3 Ba6) 21. hxg6 $18 hxg6 22. Be4 Rac8 23. g4 c4 (23... Kf8 $142 24. f5 Bxe5) 24. Rdh1 Kf8 25. f5 Bxe5 (25... Ke8 $142 26. fxe6 Qxe6 27. bxc4 Bxe5) 26. fxe6 Qxe6 27. Rh6 {Threatens to win with Rxg6.} Bf6 28. Kb1 Qe5 29. g5 Qxg5 30. Qh3 {Intending Rh8+! and mate.} Qe5 {[#]} 31. bxc4 $2 (31. Rxg6 $1 {[%mdl 512]} cxb3 (31... fxg6 32. Bxg6) 32. axb3) 31... Rb8 {...Rxb2+! is the strong threat.} 32. Ka1 a4 (32... Rxb2 $142 33. Rh8+ Bxh8 34. Qxh8+ Qxh8 35. Rxh8+ Kg7 36. Rxd8 Rb4 37. Rxd4 Kf6) 33. Bd3 Bg7 34. Rh7 f5 {and the idea ...a3 leaves Black hopeful.} 35. c5 Kf7 $2 (35... Qxc5 36. Rxg7 Kxg7 37. Qh7+ Kf6) 36. Bc4+ e6 37. Qd3 Qxc5 $2 {[#]} (37... Rxb2 38. Kxb2 Qxc5 39. Bxe6+ Kf6) 38. Ba3 $2 (38. Bxe6+ $1 $18 {[%mdl 512] and White stays clearly on top.} Kf6 (38... Kxe6 39. Rxg7) 39. Bxf5 $1 {[%mdl 512]}) 38... Qe5 $16 {[#]} 39. Bc1 $1 {[%cal Rc1d2] aiming for Bd2.} Rb6 40. a3 Rh8 (40... Kg8 $16 41. Bb2 Qf6) 41. Rxh8 Bxh8 42. Bd2 $36 {[%mdl 2048] Keeping Black busy.} Bg7 43. Re1 Qh2 (43... Qc5 $142) 44. Bb4 $18 Bf6 {[#]} 45. Kb1 (45. Ka2 $1 $18) 45... Qg2 46. Re2 Qg4 $2 (46... Qb7 47. Ka2 Qc8) 47. Ka2 Be7 48. Ba5 Rc6 49. Bd2 {Played: Bc4-b5} 1-0